000 00551nam a2200169Ia 4500
008 090711s9999 xx 000 0 und d
082 _b62540
100 _aविद्यासागर पंडित
245 _aसर सी व्ही रामन
260 _c1989
300 _a136
600 _aविद्यासागर पंडित
630 _aसर सी व्ही रामन
700 _aविद्यासागर पंडित
730 _aसर सी व्ही रामन
942 _cBOOK
999 _c319207
_d319207